00265nam a2200109Ia 4500100001900000650001200019654003900031245003900070260002600109300000800135546001200143 aShard Chandra  aGeneral aNavin Kayde - 2001 (Bhart Shashan) aNavin Kayde - 2001 (Bhart Shashan) bNavin Kayde Prakashan a110 aENGLISH